Global economic issues and policies
Zapisane w:
| 1. autor: | |
|---|---|
| Format: | Książka |
| Język: | Undetermined |
| Wydane: |
Victoria, Australia
Thomson (South-Western)
2004
|
| Hasła przedmiotowe: | |
| Etykiety: |
Dodaj etykietę
Nie ma etykietki, Dołącz pierwszą etykiete!
|
| Thư viện lưu trữ: | Trung tâm Học liệu Trường Đại học Cần Thơ |
|---|
| LEADER | 00592nam a2200193Ia 4500 | ||
|---|---|---|---|
| 001 | CTU_105987 | ||
| 008 | 210402s9999 xx 000 0 und d | ||
| 020 | |c 115.27 | ||
| 082 | |a 330.9 | ||
| 082 | |b D186 | ||
| 100 | |a Daniels, Joseph B. | ||
| 245 | 0 | |a Global economic issues and policies | |
| 245 | 0 | |c Joseph B. Daniels, David D. VanHoose | |
| 260 | |a Victoria, Australia | ||
| 260 | |b Thomson (South-Western) | ||
| 260 | |c 2004 | ||
| 650 | |a Globalization,International economic relations | ||
| 904 | |i Minh (Nguyên sửa) | ||
| 980 | |a Trung tâm Học liệu Trường Đại học Cần Thơ | ||